Dopasuj autora do książki - Statystyki

Ogólne statystyki
  • Ten quiz został rozwiązany 130 razy
  • Średni wynik to 8 z 15
Statystyki odpowiedzi
tytuł odpowiedź % Poprawnych
Potop Henryk Sienkiewicz
95%
Stary człowiek i morze Ernest Hemingway
79%
Bracia Karamazow Fiodor Dostojewski
77%
Nad Niemnem Eliza Orzeszkowa
75%
Anna Karenina Lew Tołstoj
69%
Morderstwo w Boże Narodzenie Agatha Christie
66%
Hrabia Monte Christo Aleksander Dumas
58%
Rozważna i romantyczna Jane Austen
58%
Ojciec chrzestny Mario Puzo
49%
Szklany klosz Sylvia Plath
40%
Ojciec Goriot Honore de Balzac
36%
Dracula Bram Stoker
35%
Noce i dnie Maria Dąbrowska
35%
Łuk triumfalny Erich Maria Remarque
34%
Na wschód od Edenu John Steinbeck
25%
Nie znaleziono quizów pasujących do podanych kryteriów
Rozkład punktacji
Procent ludzi z każdym wynikiem
Percentyl według liczby udzielonych odpowiedzi
Twoja historia wyników
Nie rozwiązałeś tego quizu